000 00535cam a2200205 i 4500
001 1302915
005 20180307071902.0
008 770411s1977 nyua 001 0 eng
010 _a 77006444
020 _a0070015309 :
_c$28.50
040 _aDLC
_cDLC
_dDLC
041 _aeng
080 _a384.63 smi
082 0 0 _a384.63 smi
100 _a54
101 _aeco
245 1 0 _aEngineering economy :
906 _a7
_bcbc
_corignew
_d1
_eocip
_f19
_gy-gencatlg
942 _2ddc
_cBK
999 _c44298
_d44298